000 01541cad a22002055a 4500
001 L142794
008 080311e20080107xxk f w 000 0 eng d
035 _a(Sirsi) u142794
041 0 _aeng
245 0 0 _aJackson v J H Watson Property Investment Ltd
_h[electronic resource]
260 _c2008
520 _a[2008] EWHC 14(Ch), 7 January 2008. Considers whether a landlord can be liable in nuisance to a long leaseholder when the cause of damage predates the lease. The claimant (J) held a long lease on a flat in a building which had been converted into flats. At the time of the conversion a problem had occurred which had subsequently resulted in water entering J's flat. J accepted that the landlord company (W) was not liable for the problem. However he argued that W had caused a continuing nuisance by failing to repair the problem. "Held": The principle of caveat lessee applied. J had taken the premises as they were and could have no complaint regarding a pre-existing defect. J could not rely on the law of nuisance to force W to put right problems caused during the stewardship of J's predecessor in title. Judgment for the defendant.
590 _aKA
650 2 4 _aJACKSON V J H WATSON PROPERTY INVESTMENT LTD
650 2 4 _aSOUTHWARK LBC V MILLS
651 4 _aEngland and Wales
_y1543-
690 _aPROPERTY-RESIDENTIAL PROPERTY-RESIDENTIAL LANDLORD AND TENANT-RESIDENTIAL TENANCIES
856 4 0 _uhttps://www.bailii.org/ew/cases/EWHC/Ch/2008/14.html
_zView the judgment free of charge at www.bailii.org...
942 _n0
999 _c79943
_d79943